ბათუმის შოთა რუსთაველის სახელმწიფო უნივერსიტეტის ბიბლიოთეკა

Экология растений (ბიბ.ჩანაწერი № 35592)

000 -LEADER
fixed length control field 00606nam a2200229Ia 4500
001 - CONTROL NUMBER
control field 1455
003 - CONTROL NUMBER IDENTIFIER
control field GE_BSU
008 - FIXED-LENGTH DATA ELEMENTS--GENERAL INFORMATION
fixed length control field 181216s||||||||xx |||||||||||||| ||und||
040 ## - CATALOGING SOURCE
Transcribing agency GE_BSU
080 ## - UNIVERSAL DECIMAL CLASSIFICATION NUMBER
Universal Decimal Classification number 574(075.8)
100 ## - MAIN ENTRY--PERSONAL NAME
Personal name Лархер,В.
245 ## - TITLE STATEMENT
Title Экология растений
245 ## - TITLE STATEMENT
Remainder of title Пер. с немецкого Д.А Виктороваа
245 ## - TITLE STATEMENT
Statement of responsibility, etc. Под. ред Т.А.Работнова.
260 ## - PUBLICATION, DISTRIBUTION, ETC.
Place of publication, distribution, etc. Москва
260 ## - PUBLICATION, DISTRIBUTION, ETC.
Name of publisher, distributor, etc. Мир
260 ## - PUBLICATION, DISTRIBUTION, ETC.
Date of publication, distribution, etc. 1978
300 ## - PHYSICAL DESCRIPTION
Extent 384 с. 21 см.
653 ## - INDEX TERM--UNCONTROLLED
Uncontrolled term Экология растений
942 ## - ADDED ENTRY ELEMENTS (KOHA)
Koha item type წიგნი
ეგზემპლარები
Withdrawn status Lost status Damaged status Not for loan Date acquired Barcode Date last seen Price effective from Koha item type
        2018-12-17 2870 2018-12-17 2018-12-17 წიგნი